000 00410nam a22001697a 4500
005 20180809122235.0
008 160514b xxu||||| |||| 00| 0 eng d
020 _a81-203-1614-2
041 _aeng
082 _b2151
_a658.3
100 _aR.C. Goyal
_9612
245 _aHuman Resource Management in Hospitals
260 _aNew Delhi
_bPHI,
_c2002
300 _a355p,
650 _aManagement
_9241
942 _cBK
999 _c789
_d789